000 01044cam a2200301 a 4500
001 3546199
003 OSt
005 20141105131532.0
008 970212s1997 enka b 001 0 eng d
010 _a 97065556
015 _aGB97-38248
020 _a0412635801 (pbk)
035 _a(OCoLC)37133235
040 _aUKM
_cUKM
_dDLC
042 _alccopycat
050 0 0 _aRC271.R3
_bR337 1997
082 0 0 _aQZ 269 R116w 1997
_221
245 0 0 _aRadiotherapy in cancer management :
_ba practical manual.
260 _aLondon ;
_aNew York :
_bChapman & Hall Medical,
_cc1997.
300 _axi, 298 p. :
_bill. ;
_c22 cm.
500 _a"Published on behalf of the World Health Organization."
504 _aIncludes bibliographical references (p. 282-283) and index.
650 0 _aCancer
_xRadiotherapy.
_91807
710 2 _aWorld Health Organization.
_91808
906 _a7
_bcbc
_ccopycat
_d2
_eopcn
_f19
_gy-gencatlg
942 _2z
_cSLOAN
999 _c687
_d687